| 000 | 02684nam0a2200445 4500 | ||
|---|---|---|---|
| 001 | RU\NLR\BIBL_A\011563401 | ||
| 005 | 20241105200516.0 | ||
| 010 | _a9785383012826 | ||
| 021 |
_aRU _b2017-92472 _96626 |
||
| 035 | _a(RuMoRGB)009473388 | ||
| 035 | _a(NLR Aleph) 011563401 | ||
| 090 |
_a12284582 _c12284582 |
||
| 100 | _a20171220d2017 k y0rusy50 ca | ||
| 101 | 0 |
_arus _aeng |
|
| 102 | _aRU | ||
| 105 | _aacb|z|||100zy | ||
| 200 | 1 |
_aФёдоровские чтения, 2017 _eXLVII Международная научно-практическая конференция с элементами научной школы, Москва, 15-17 ноября 2017 г. _fМинистерство образования и науки Российской Федерации, Национальный исследовательский университет "МЭИ" _g[под общ. ред. Б.И. Кудрина, Ю.В. Матюниной] |
|
| 210 |
_aМосква _cМЭИ _d2017 |
||
| 215 |
_a340 с. _cил., табл., портр., цв. ил., карт. _d21 |
||
| 300 | _aВ вып. дан. и в макете загл.: Фёдоровские чтения - 2017 | ||
| 300 | _aЧасть текста на англ. яз. | ||
| 313 | _aПо пред.изд. 2016г. Конференция посвящена 110-летию со дня рожнения А.А. Фёдорова | ||
| 320 | _aБиблиогр. в конце ст. | ||
| 517 | 1 | _aФёдоровские чтения - 2017 | |
| 600 | 1 |
_aФедоров _bА.А. _f1907 - 1985 _gАнатолий Анатольевич _92351511 _3RU\NLR\AUTH\6601627787 |
|
| 606 | 1 |
_aЭнергоснабжение _jСъезды, совещания и т.п. _9954433 _3RU\NLR\auth\6636502 |
|
| 606 | 1 |
_aЭнергетические ресурсы _jСъезды, совещания и т.п. _xЭкономия _9949355 _3RU\NLR\auth\66352646 |
|
| 610 | 0 | _aэнергетические ресурсы - экономия | |
| 686 |
_aЗ19я431(0) _2rubbk |
||
| 686 | 1 | _aЗ19я431(2) | |
| 686 | 1 | _aЗ190.73я431(2) | |
| 702 | 1 |
_aКудрин _bБ. И. _f1934- _gБорис Иванович _4340 |
|
| 702 | 1 |
_aМатюнина _bЮ. В. _gЮлия Валерьевна _4340 |
|
| 702 | 1 |
_4570 _aФёдоров _bА.А. _cд-р техн. наук, энергетика _f1907-1985 _gАнатолий Анатольевич _9183236 _3RU\NLR\AUTH\770183287 |
|
| 710 | 1 | 2 |
_aФёдоровские чтения _eМосква _f2017 _9582534 _3RU\NLR\AUTH\880459890 |
| 942 | _cBOOK | ||
| 980 | _aNBR | ||